| 000 | 00677nam a2200229Ia 4500 | ||
|---|---|---|---|
| 008 | 191119s9999 xx 000 0 und d | ||
| 020 | _a978-1-57965-767-3 | ||
| 050 | _aCUL TX 724.5 | ||
| 050 | _b.P6P66 2018 | ||
| 100 | _aPonseca, Nicole. | ||
| 245 | 0 | _aI am a Filipino : | |
| 245 | 4 | _band this is how we cook / | |
| 245 | 0 | _cNicole Ponseca & Miguel Trinidad with Rachel Wharton; foreword by Jose Antonio Vargas; photographs by Justin Walker. | |
| 260 | _aNew York : | ||
| 260 | _bArtisan, | ||
| 260 | _c2018 | ||
| 300 | _a352 pages : | ||
| 300 | _bcolored illustrations ; | ||
| 300 | _c27 cm. | ||
| 500 | _aIncludes index. | ||
| 650 | _aCooking, Phillipines. | ||
| 999 |
_c363125 _d363125 |
||